| 000 | 01083nam a22003377a 4500 | ||
|---|---|---|---|
| 003 | CHAP | ||
| 005 | 20220329143320.0 | ||
| 008 | 080527s1996 us a r 00010 eng d | ||
| 010 | _a94853 | ||
| 011 | _a95825 | ||
| 020 | _a9780471076674 | ||
| 035 | _a106456 | ||
| 040 | _cCHAP | ||
| 082 | 0 | 4 |
_a670 _bK6 |
| 100 | 1 |
_aKou, Sindo _963798 |
|
| 245 | 1 | 0 |
_aTransport phenomena and materials processing _c/by Sindo Kou |
| 260 |
_aNew York : _bWiley & Sons, _cc1996 |
||
| 300 |
_axxii, 669 p. : _bilus. ; gráfs. ; cuadros |
||
| 590 |
_aBATCH-UPD _b10 _c20130110 _lUCH01 _h1121 |
||
| 590 |
_aBATCH-UPD _b10 _c20130409 _lUCH01 _h2243 |
||
| 590 |
_aBATCH-UPD _b10 _c20130410 _lUCH01 _h1318 |
||
| 590 |
_aBATCH-UPD _b10 _c20130914 _lUCH01 _h1421 |
||
| 590 |
_aCONVERSION _b10 _c20130109 _lUCH01 _h1352 |
||
| 650 | 1 | 4 |
_aFluídos. _941896 |
| 650 | 1 | 4 |
_aIndustrias manufactureras. _958008 |
| 650 | 1 | 4 |
_aMasa (química) _972748 |
| 650 | 1 | 4 |
_aModelos matemáticos. _976419 |
| 901 | _aBK | ||
| 942 | _cLIBRO | ||
| 949 |
_a670 K6 _bBC _cLIBRO _d33724002064652 _eLIBRO _gI.237064 _h109577 _i106456 _sb _t$2102.50 |
||
| 999 |
_c94853 _d94853 |
||